<?xml version="1.0" encoding="UTF-8"?>
<record
    xmlns:xsi="http://www.w3.org/2001/XMLSchema-instance"
    xsi:schemaLocation="http://www.loc.gov/MARC21/slim http://www.loc.gov/standards/marcxml/schema/MARC21slim.xsd"
    xmlns="http://www.loc.gov/MARC21/slim">

  <leader>02708nam a2200289Ia 4500</leader>
  <controlfield tag="003">OSt</controlfield>
  <controlfield tag="005">20250412143823.0</controlfield>
  <controlfield tag="008">210716s2003    xx            000 0 und d</controlfield>
  <datafield tag="020" ind1=" " ind2=" ">
    <subfield code="a">9789353162597</subfield>
  </datafield>
  <datafield tag="040" ind1=" " ind2=" ">
    <subfield code="c">AIMIT LIBRARY</subfield>
  </datafield>
  <datafield tag="041" ind1=" " ind2=" ">
    <subfield code="a">eng</subfield>
  </datafield>
  <datafield tag="082" ind1=" " ind2=" ">
    <subfield code="a">339 </subfield>
    <subfield code="2">12</subfield>
    <subfield code="b">DORR</subfield>
  </datafield>
  <datafield tag="100" ind1=" " ind2=" ">
    <subfield code="a">Dornbusch, Rudiger.</subfield>
    <subfield code="9">127679</subfield>
  </datafield>
  <datafield tag="245" ind1=" " ind2=" ">
    <subfield code="a">Macroeconomics /</subfield>
    <subfield code="c">Rudiger Dornbusch ,Stanley Fischer and Richard Startz.</subfield>
  </datafield>
  <datafield tag="250" ind1=" " ind2=" ">
    <subfield code="a">12th ed.</subfield>
  </datafield>
  <datafield tag="260" ind1=" " ind2=" ">
    <subfield code="a">New Delhi :</subfield>
    <subfield code="b">Tata McGraw Hill Publishing Company ,</subfield>
    <subfield code="c">2003.</subfield>
  </datafield>
  <datafield tag="300" ind1=" " ind2=" ">
    <subfield code="a">xix,652p. ;</subfield>
    <subfield code="b">PB</subfield>
    <subfield code="c">23.7 cm</subfield>
  </datafield>
  <datafield tag="500" ind1=" " ind2=" ">
    <subfield code="a">Dornbusch, Fischer, and Startz has been a long-standing, leading intermediate macroeconomic theory text since its introduction in 1978. This revision retains most of the text's traditional features, including a middle-of-the-road approach and very current research, while updating and simplifying the exposition. A balanced approach explains both the potential and limitations of economic policy. Macroeconomics employs a model-based approach to macroeconomic analysis and demonstrates how various models are connected with the goal of giving students the capacity to analyze current economic issues in the context of an economic frame of reference. The only pre-requisite continues to be principles of economics.</subfield>
  </datafield>
  <datafield tag="505" ind1=" " ind2=" ">
    <subfield code="a">Part 1 - Introduction and National Income Accounting
Chapter 1 - Introduction
Chapter 2 - National Income Accounting
Part 2 - Growth, Aggregate Supply and Demand, and Policy
Chapter 3 - Growth and Accumulation
Chapter 4 - Growth and Policy
Chapter 5 - Aggregate Supply and Demand
Chapter 6 - Aggregate Supply and the Phillips Curve
Chapter 7 - Unemployment
Chapter 8 - Inflation
Chapter 9 - Policy Preview
Part 3 - First Models
Chapter 10 - Income and Spending
Chapter 11 - Money, Interest, and Income
Chapter 12 - Monetary and Fiscal Policy
Chapter 13 - International Linkages
Part 4 - Behavioral Foundations
Chapter 14 - Consumption and Saving
Chapter 15 - Investment Spending
Chapter 16 - The Demand for Money
Chapter 17 - The Fed, Money, and Credit
Chapter 18 - Policy
Chapter 19 - Financial Markets and Asset Prices
Chapter 20 - The National Debt
Part 5 - Big Events, International Adjustments, and Advanced Topics
Chapter 21 - Recession and Depression
Chapter 22 - Inflation and Hyperinflation
Chapter 23 - International Adjustment and Interdependence
Chapter 24 - Advanced Topics</subfield>
  </datafield>
  <datafield tag="650" ind1=" " ind2=" ">
    <subfield code="a">Economics</subfield>
    <subfield code="9">127680</subfield>
  </datafield>
  <datafield tag="651" ind1=" " ind2=" ">
    <subfield code="a">National income accounting</subfield>
    <subfield code="9">127681</subfield>
  </datafield>
  <datafield tag="651" ind1=" " ind2=" ">
    <subfield code="a">Growth and accumulation</subfield>
    <subfield code="9">127682</subfield>
  </datafield>
  <datafield tag="651" ind1=" " ind2=" ">
    <subfield code="a">Aggregate supply and demand</subfield>
    <subfield code="9">127683</subfield>
  </datafield>
  <datafield tag="700" ind1=" " ind2=" ">
    <subfield code="a">Fischer, Stanley.</subfield>
    <subfield code="9">127684</subfield>
  </datafield>
  <datafield tag="700" ind1=" " ind2=" ">
    <subfield code="a">Startz, Richard.</subfield>
    <subfield code="9">127685</subfield>
  </datafield>
  <datafield tag="942" ind1=" " ind2=" ">
    <subfield code="2">ddc</subfield>
    <subfield code="c">BK</subfield>
    <subfield code="e">12th</subfield>
    <subfield code="k">339 DORR</subfield>
  </datafield>
  <datafield tag="999" ind1=" " ind2=" ">
    <subfield code="c">211024</subfield>
    <subfield code="d">211024</subfield>
  </datafield>
  <datafield tag="952" ind1=" " ind2=" ">
    <subfield code="0">0</subfield>
    <subfield code="1">0</subfield>
    <subfield code="2">ddc</subfield>
    <subfield code="4">0</subfield>
    <subfield code="7">0</subfield>
    <subfield code="8">MBA</subfield>
    <subfield code="a">AIMIT</subfield>
    <subfield code="b">AIMIT</subfield>
    <subfield code="d">2019-03-12</subfield>
    <subfield code="g">795.00</subfield>
    <subfield code="i">Bill no:5381; Bill dt:2019-03-11</subfield>
    <subfield code="l">0</subfield>
    <subfield code="o">339 DORR</subfield>
    <subfield code="p">MBA13592</subfield>
    <subfield code="r">2026-05-23 00:00:00</subfield>
    <subfield code="v">636.00</subfield>
    <subfield code="w">2021-07-16</subfield>
    <subfield code="y">BK</subfield>
  </datafield>
  <datafield tag="952" ind1=" " ind2=" ">
    <subfield code="0">0</subfield>
    <subfield code="1">0</subfield>
    <subfield code="2">ddc</subfield>
    <subfield code="4">0</subfield>
    <subfield code="7">0</subfield>
    <subfield code="8">MBA</subfield>
    <subfield code="a">AIMIT</subfield>
    <subfield code="b">AIMIT</subfield>
    <subfield code="c">ECO</subfield>
    <subfield code="d">2025-03-11</subfield>
    <subfield code="e">Biblios Book Point</subfield>
    <subfield code="g">975.00</subfield>
    <subfield code="i">Bill no:7466; Bill dt:2025/3/11</subfield>
    <subfield code="l">0</subfield>
    <subfield code="o">339  DORR</subfield>
    <subfield code="p">MBA14920</subfield>
    <subfield code="r">2026-05-23 00:00:00</subfield>
    <subfield code="v">760.50</subfield>
    <subfield code="w">2025-04-12</subfield>
    <subfield code="y">BK</subfield>
  </datafield>
  <datafield tag="952" ind1=" " ind2=" ">
    <subfield code="0">0</subfield>
    <subfield code="1">0</subfield>
    <subfield code="2">ddc</subfield>
    <subfield code="4">0</subfield>
    <subfield code="7">0</subfield>
    <subfield code="8">MBA</subfield>
    <subfield code="a">AIMIT</subfield>
    <subfield code="b">AIMIT</subfield>
    <subfield code="d">2025-03-11</subfield>
    <subfield code="e">Biblios Book Point</subfield>
    <subfield code="g">975.00</subfield>
    <subfield code="i">Bill no:7466; Bill dt:2025/3/11</subfield>
    <subfield code="l">0</subfield>
    <subfield code="o">339  DORR</subfield>
    <subfield code="p">MBA14921</subfield>
    <subfield code="r">2026-05-23 00:00:00</subfield>
    <subfield code="v">760.50</subfield>
    <subfield code="w">2025-04-12</subfield>
    <subfield code="y">BK</subfield>
  </datafield>
</record>
